| 000 | 00793nam a2200265Ia 4500 | ||
|---|---|---|---|
| 003 | OSt | ||
| 005 | 20221006143010.0 | ||
| 006 | a|||||r|||| 00| 0 | ||
| 007 | ta | ||
| 008 | 221006b |||||||| |||| 00| 0 eng d | ||
| 020 |
_c _2.00 |
||
| 024 | _a7,762 | ||
| 037 | _cTextual | ||
| 040 |
_aEASL _cEASL _beng |
||
| 041 |
_2eng _aeng |
||
| 082 | _aY:5.42.N80, M11 | ||
| 100 |
_aSUZUKI Keisuke _9648924 |
||
| 245 | 0 | _aOn the structure of the spatial distribution of recent Urban population in Japan | |
| 260 |
_aTokyo _bNihon University Japan _c1981 |
||
| 300 |
_a18p. _ccm. |
||
| 490 |
_v JEL _aNUPRI Research Paper series No.4 |
||
| 700 |
_a KURIDA Toshio _9648925 |
||
| 942 |
_hY:5.42.N80, M11 _cTEXL _2CC |
||
| 999 |
_c1075848 _d1075848 |
||